000 01023nam a2200253 i 4500
001 180149
003 ES-MaACL
005 20240228152708.0
008 120425s1868 sp | |||||||| | spa d
080 _a94(460)"1843/68"
100 1 _aDíaz, Nicomedes Pastor,
_d1811-1863
_944150
245 1 0 _aDiez años de controversia parlamentaria ;
_bDiscursos parlamentarios /
_c[Nicomedes-Pastor Díaz ; prólogo de Juan Valera].
246 3 _aDiscursos parlamentarios
260 _a[Madrid :
_bs.n.],
_c1868 (
_fImp. de Manuel Tello)
300 _aXXI, 372, II p. ;
_c19 cm.
490 1 _aObras de don Nicomedes-Pastor Díaz ;
_v6
530 _aDisponible en formato digital.
651 4 _aEspaña-
_xHistoria-
_z1843-1868, Isabel II
_98256
700 1 _aValera, Juan,
_d1824-1905
_9112638
830 1 _aObras de don Nicomedes-Pastor Díaz ;
_v6
_9191194
852 _aES-MaACL
_jF-10796
856 _uhttp://bdh-rd.bne.es/viewer.vm?id=0000161967&page=1
_zBiblioteca Digital Hispánica
999 _c180149
_d180149